[Event "Satu Mare Szabo Memorial GM"]
[Site "Satu Mare"]
[Date "2023.08.16"]
[Round "4"]
[White "Pribelszky, Bence"]
[Black "Okhotnik, Vladimir"]
[Result "1-0"]
[WhiteElo "2413"]
[BlackElo "2320"]
[PlyCount "87"]
[EventDate "2023.08.14"]
[EventType "tourn"]
[EventRounds "9"]
[EventCountry "ROU"]
[EventCategory "6"]
[SourceTitle "CBM 215 Extra"]
[Source "ChessBase"]
[SourceDate "2023.09.30"]
[SourceVersion "1"]
[SourceVersionDate "2023.09.30"]
[SourceQuality "1"]

1. e4 c6 2. d4 g6 3. c4 d5 4. e5 Bg7 5. Nc3 Nh6 6. Bd3 Be6 7. c5 b6 8. b4 a5 9. Na4 bxc5 10. bxc5 0-0 11. Qe2 Bf5 12. h4 Bxd3 13. Qxd3 f6 14. Nb6 Ra7 15. h5 g5 16. e6 Na6 17. Rb1 Nc7 18. Qe2 Rb7 19. Rh3 Nb5 20. Rxb5 cxb5 21. Qxb5 Nf5 22. Ne2 Qc7 23. Nxd5 Nxd4 24. Qc4 Qe5 25. Qxd4 Qxe6 26. Re3 Qf7 27. c6 e5 28. Qc4 Rb4 29. Ne7+ Kh8 30. Qxf7 Rxf7 31. c7 Rc4 32. c8Q+ Rxc8 33. Nxc8 f5 34. Nd6 Rf8 35. h6 Bxh6 36. Rxe5 f4 37. Re8 Rxe8 38. Nxe8 Kg8 39. Nf6+ Kf7 40. Ne4 Ke6 41. f3 Kf7 42. Nd4 Kg6 43. Ne6 a4 44. N4xg5 1-0

[Event "Malakhatko Memorial op"]
[Site "Chess.com INT"]
[Date "2023.06.14"]
[Round "4"]
[White "Kaitanskii, Andrei"]
[Black "Okhotnik, Vladimir"]
[Result "0-1"]
[WhiteElo "1659"]
[BlackElo "2311"]
[PlyCount "110"]
[EventDate "2023.06.14"]
[EventType "swiss (blitz)"]
[EventRounds "11"]
[EventCountry "USA"]
[SourceTitle "CBM 214 Extra"]
[Source "ChessBase"]
[SourceDate "2023.07.31"]
[SourceVersion "1"]
[SourceVersionDate "2023.07.31"]
[SourceQuality "1"]

1. e4 c5 2. Nc3 a6 3. d4 cxd4 4. Qxd4 Nc6 5. Qd2 g6 6. b3 Bg7 7. Bb2 d6 8. 0-0-0 Qa5 9. Kb1 Bd7 10. Nd5 Qxd2 11. Rxd2 Bxb2 12. Kxb2 Rb8 13. a4 Kf8 14. f4 Kg7 15. Nf3 Bg4 16. Ne3 Bxf3 17. gxf3 Nf6 18. f5 Rhd8 19. fxg6 hxg6 20. h4 Rh8 21. c4 Rh5 22. Rdh2 Rbh8 23. Be2 e6 24. f4 R5h7 25. Bf3 Kf8 26. Ka3 a5 27. e5 dxe5 28. fxe5 Nd7 29. Bxc6 bxc6 30. Ng4 Ke7 31. Kb2 Rh5 32. Rg2 Nxe5 33. Nf2 Rxh4 34. Re1 Nd7 35. Nd3 Rh2 36. Rxh2 Rxh2+ 37. Kc3 g5 38. Re4 f5 39. Re1 Kd6 40. Kd4 c5+ 41. Kc3 Rh3 42. Rd1 Ne5 43. Kc2 Rxd3 44. Rxd3+ Nxd3 45. Kxd3 g4 46. Ke3 e5 47. Kf2 f4 48. Ke2 e4 49. Kf2 e3+ 50. Ke2 Ke5 51. Kf1 f3 52. Kg1 g3 53. b4 cxb4 54. c5 b3 55. c6 b2 0-1

[Event "Malakhatko Memorial op"]
[Site "Chess.com INT"]
[Date "2023.06.14"]
[Round "9"]
[White "Okhotnik, Vladimir"]
[Black "Skliarov, Viktor"]
[Result "1-0"]
[WhiteElo "2311"]
[BlackElo "2383"]
[PlyCount "91"]
[EventDate "2023.06.14"]
[EventType "swiss (blitz)"]
[EventRounds "11"]
[EventCountry "USA"]
[SourceTitle "CBM 214 Extra"]
[Source "ChessBase"]
[SourceDate "2023.07.31"]
[SourceVersion "1"]
[SourceVersionDate "2023.07.31"]
[SourceQuality "1"]

1. e4 c5 2. Nf3 Nc6 3. c3 Nf6 4. e5 Nd5 5. d4 cxd4 6. cxd4 d6 7. Bc4 Nb6 8. Bb5 Bd7 9. exd6 e6 10. Bg5 Qb8 11. Nc3 Bxd6 12. 0-0 h6 13. Bh4 a6 14. Bd3 Nb4 15. Bb1 0-0 16. a3 N4d5 17. Qd3 f5 18. Re1 Qe8 19. Bg3 Bxg3 20. hxg3 Rc8 21. Ba2 Bb5 22. Nxb5 axb5 23. Re2 Nc4 24. Rae1 Rf6 25. Ne5 Nxe5 26. Rxe5 Qd7 27. Qf3 Rd8 28. g4 fxg4 29. Qxg4 Kh8 30. Bb1 Nf4 31. g3 Qxd4 32. R5e4 Nh3+ 33. Qxh3 Qxf2+ 34. Kh1 Rd2 35. R4e3 Rxb2 36. Be4 Rd2 37. Bg2 Rf5 38. g4 Rf4 39. Rxe6 Rf8 40. Re8 Rxe8 41. Rxe8+ Kh7 42. Qf3 Qh4+ 43. Kg1 Qg5 44. Qe4+ Qg6 45. Rh8+ Kxh8 46. Qxg6 1-0

[Event "Koge op 4th"]
[Site "Koge"]
[Date "2023.04.23"]
[Round "6"]
[White "Kistrup, Nicolai"]
[Black "Okhotnik, Vladimir"]
[Result "1/2-1/2"]
[WhiteElo "2300"]
[BlackElo "2316"]
[PlyCount "162"]
[EventDate "2023.04.21"]
[EventType "swiss"]
[EventRounds "7"]
[EventCountry "DEN"]
[SourceTitle "EXT 2024"]
[Source "ChessBase"]
[SourceDate "2023.10.10"]
[SourceVersion "1"]
[SourceVersionDate "2023.10.10"]
[SourceQuality "1"]

1. d4 d6 2. e4 e5 3. Nf3 exd4 4. Nxd4 Nf6 5. Nc3 Be7 6. Bd3 0-0 7. 0-0 Nc6 8. Nxc6 bxc6 9. f4 Re8 10. Qf3 Bf8 11. Bd2 Rb8 12. b3 Nd7 13. Rae1 Nc5 14. Bc4 Be6 15. Bxe6 fxe6 16. Be3 d5 17. Qf2 Qd6 18. Bd4 a5 19. Re2 Nd7 20. Na4 c5 21. Bc3 Qc6 22. exd5 exd5 23. Rfe1 Nf6 24. Bxf6 Rxe2 25. Qxe2 Qxf6 26. Qe6+ Qxe6 27. Rxe6 Bd6 28. f5 Rb4 29. Nc3 Rd4 30. g3 Kf7 31. Re2 Kf6 32. Rf2 c6 33. Kg2 c4 34. h3 h5 35. Na4 cxb3 36. axb3 Re4 37. Nc3 Re3 38. Ne2 c5 39. h4 d4 40. Kh2 d3 41. cxd3 Rxd3 42. Nf4 Bxf4 43. Rxf4 Rxb3 44. Ra4 Rb5 45. g4 hxg4 46. Kg3 Rb3+ 47. Kg2 Kxf5 48. Rxa5 Kf4 49. Rxc5 Rb2+ 50. Kg1 Kg3 51. Rc3+ Kxh4 52. Ra3 g3 53. Ra8 Kg4 54. Rg8 Rb7 55. Ra8 g5 56. Kg2 Rb2+ 57. Kg1 Re2 58. Rf8 Rb2 59. Ra8 Re2 60. Rb8 Rf2 61. Ra8 Re2 62. Rb8 Re7 63. Kg2 Rf7 64. Rb4+ Rf4 65. Rb8 Re4 66. Ra8 Re2+ 67. Kg1 Rh2 68. Rb8 Rh7 69. Kg2 Rf7 70. Rb4+ Rf4 71. Rb8 Re4 72. Ra8 Re2+ 73. Kg1 g2 74. Ra4+ Kh3 75. Ra3+ Kh4 76. Rb3 Kg4 77. Ra3 Kf4 78. Rb3 Re3 79. Rxe3 Kxe3 80. Kxg2 Kf4 81. Kf2 Ke5 1/2-1/2

[Event "Feffernitz op 31st"]
[Site "Feffernitz"]
[Date "2022.08.07"]
[Round "3"]
[White "Okhotnik, Vladimir"]
[Black "Ebner, Johann"]
[Result "1-0"]
[WhiteElo "2341"]
[BlackElo "1945"]
[PlyCount "117"]
[EventDate "2022.08.06"]
[EventType "swiss"]
[EventRounds "9"]
[EventCountry "AUT"]
[SourceTitle "CBM 209 Extra"]
[Source "ChessBase"]
[SourceDate "2022.09.30"]
[SourceVersion "1"]
[SourceVersionDate "2022.09.30"]
[SourceQuality "1"]

1. e4 e6 2. d4 d5 3. exd5 exd5 4. c4 Nf6 5. Nc3 Bb4 6. Bd3 0-0 7. Nge2 dxc4 8. Bxc4 Nbd7 9. Bg5 Nb6 10. Bb3 c6 11. 0-0 Bg4 12. f3 Bf5 13. Ng3 Bc8 14. Nh5 Be7 15. Re1 Nfd5 16. Bxe7 Nxe7 17. Qd2 Ned5 18. Nxd5 Nxd5 19. Bxd5 Qxd5 20. Re5 Qd6 21. Rae1 h6 22. d5 cxd5 23. Rxd5 Qb6+ 24. Kh1 Be6 25. Rd6 Qc5 26. g4 Rac8 27. b3 Qc3 28. Kg2 Qxd2+ 29. Rxd2 Rfd8 30. Red1 Rxd2+ 31. Rxd2 f6 32. Re2 Re8 33. Ng3 Bd7 34. Rd2 Bc6 35. Kf2 g6 36. h4 Kf7 37. h5 gxh5 38. Nxh5 Re7 39. Rd6 Re6 40. Rxe6 Kxe6 41. Ke3 Kf7 42. Kf4 Kg6 43. Ng3 a5 44. Nf5 Bd7 45. Nd6 Bc6 46. a3 Bd5 47. b4 b6 48. Nc8 axb4 49. axb4 Be6 50. Nxb6 f5 51. gxf5+ Bxf5 52. Nc4 Be6 53. Ne3 h5 54. b5 Bc8 55. b6 h4 56. Nc4 h3 57. Kg3 Bb7 58. Kxh3 Kg5 59. Kg3 1-0

[Event "Feffernitz op 31st"]
[Site "Feffernitz"]
[Date "2022.08.07"]
[Round "2"]
[White "Reisenhoffer, Maximilian"]
[Black "Okhotnik, Vladimir"]
[Result "0-1"]
[WhiteElo "1952"]
[BlackElo "2341"]
[PlyCount "98"]
[EventDate "2022.08.06"]
[EventType "swiss"]
[EventRounds "9"]
[EventCountry "AUT"]
[SourceTitle "CBM 209 Extra"]
[Source "ChessBase"]
[SourceDate "2022.09.30"]
[SourceVersion "1"]
[SourceVersionDate "2022.09.30"]
[SourceQuality "1"]

1. e4 g6 2. d4 Bg7 3. Nc3 c6 4. f4 d5 5. e5 Qb6 6. h3 h5 7. Nf3 Nh6 8. Bd3 Bf5 9. Bxf5 Nxf5 10. 0-0 h4 11. Na4 Qc7 12. e6 f6 13. Qe1 Na6 14. b4 b6 15. c3 Qd6 16. Qe2 Nc7 17. Re1 Bh6 18. Nb2 Bxf4 19. Bxf4 Qxf4 20. Nd3 Qd6 21. Nf2 a5 22. a3 Kf8 23. Ng4 Kg7 24. Rad1 axb4 25. axb4 Ra3 26. Rd3 Ng3 27. Qb2 Ra7 28. Rde3 Nf5 29. R3e2 Rha8 30. Qc1 Ra1 31. Qd2 R8a2 32. Qd3 Rxe1+ 33. Rxe1 Nxe6 34. Qb1 Ra8 35. Ne3 Nxe3 36. Rxe3 g5 37. Qe1 Kf7 38. Qb1 Nf8 39. Qf1 Kg7 40. Qd1 Ng6 41. Re1 Qc7 42. Nd2 Kf7 43. Re2 Nf4 44. Re3 Ra2 45. Rf3 Qd6 46. Rf2 Nd3 47. Qb1 Nxf2 48. Qxa2 Qg3 49. Kf1 Nd1 0-1

[Event "Zalakaros Barczay Memorial"]
[Site "Zalakaros"]
[Date "2022.06.12"]
[Round "8"]
[White "Okhotnik, Vladimir"]
[Black "Hrbolka, Ladislav"]
[Result "0-1"]
[WhiteElo "2346"]
[BlackElo "2060"]
[PlyCount "108"]
[EventDate "2022.06.05"]
[EventType "swiss"]
[EventRounds "9"]
[EventCountry "HUN"]
[SourceTitle "CBM 208 Extra"]
[Source "ChessBase"]
[SourceDate "2022.07.31"]
[SourceVersion "1"]
[SourceVersionDate "2022.07.31"]
[SourceQuality "1"]

1. e4 c6 2. Nf3 d5 3. Nc3 dxe4 4. Nxe4 Nf6 5. Nxf6+ exf6 6. d4 Bd6 7. Bd3 0-0 8. Be3 Na6 9. c3 Nc7 10. Qc2 h6 11. c4 Bb4+ 12. Kf1 Re8 13. Nh4 b5 14. b3 a5 15. a4 bxc4 16. bxc4 Bf8 17. Be2 Na6 18. g4 Nb4 19. Qc3 g6 20. h3 f5 21. Nf3 Bg7 22. Rd1 Ra7 23. Qd2 Rae7 24. Ng1 Kh7 25. Bf3 Ba6 26. Qc1 Nd5 27. Bd2 Nb4 28. Bxb4 axb4 29. Bxc6 fxg4 30. Kg2 Rc7 31. Bxe8 Bxc4 32. Qd2 Bd5+ 33. f3 gxf3+ 34. Nxf3 Rc3 35. Rhf1 Qxe8 36. Rf2 Qxa4 37. Rc1 Qc6 38. Rxc3 bxc3 39. Qd1 c2 40. Qxc2 Bxf3+ 41. Kg3 Qxc2 42. Rxc2 Be4 43. Rc4 g5 44. h4 Kg6 45. Ra4 f5 46. hxg5 hxg5 47. Ra6+ Kh5 48. Rd6 f4+ 49. Kf2 g4 50. Rd7 g3+ 51. Kf1 f3 52. Rxg7 Bd3+ 53. Ke1 f2+ 54. Kd2 f1Q 0-1

[Event "Zalakaros Barczay Memorial"]
[Site "Zalakaros"]
[Date "2022.06.07"]
[Round "3"]
[White "Okhotnik, Vladimir"]
[Black "Bodrogi, Bendeguz"]
[Result "1/2-1/2"]
[WhiteElo "2346"]
[BlackElo "2206"]
[PlyCount "71"]
[EventDate "2022.06.05"]
[EventType "swiss"]
[EventRounds "9"]
[EventCountry "HUN"]
[SourceTitle "CBM 208 Extra"]
[Source "ChessBase"]
[SourceDate "2022.07.31"]
[SourceVersion "1"]
[SourceVersionDate "2022.07.31"]
[SourceQuality "1"]

1. e4 c5 2. Nf3 Nc6 3. Bb5 Nf6 4. Nc3 Qc7 5. 0-0 Nd4 6. Re1 a6 7. e5 Nxb5 8. exf6 Nxc3 9. fxg7 Bxg7 10. dxc3 d6 11. Ng5 h6 12. Bf4 hxg5 13. Bxd6 Qd8 14. Rxe7+ Qxe7 15. Bxe7 Kxe7 16. Qd5 Kf6 17. f4 gxf4 18. Qxc5 Be6 19. Qd4+ Kg6 20. Qe4+ Bf5 21. Qxf4 Rad8 22. Qg3+ Kh7 23. Qf3 Bg6 24. Rd1 Rde8 25. Rd7 Re1+ 26. Kf2 Rhe8 27. h4 Rc1 28. Kg3 Rxc2 29. Rxf7 Bxf7 30. Qxf7 Ree2 31. Qh5+ Bh6 32. Qf5+ Kg8 33. Qc8+ Bf8 34. Qxb7 Rxb2 35. Qd5+ Kh8 36. Qh5+ 1/2-1/2

[Event "Zalakaros Barczay Memorial"]
[Site "Zalakaros"]
[Date "2022.06.05"]
[Round "1"]
[White "Okhotnik, Vladimir"]
[Black "Varga, Richard"]
[Result "1-0"]
[WhiteElo "2346"]
[BlackElo "1972"]
[PlyCount "53"]
[EventDate "2022.06.05"]
[EventType "swiss"]
[EventRounds "9"]
[EventCountry "HUN"]
[SourceTitle "CBM 208 Extra"]
[Source "ChessBase"]
[SourceDate "2022.07.31"]
[SourceVersion "1"]
[SourceVersionDate "2022.07.31"]
[SourceQuality "1"]

1. e4 c5 2. Nf3 d6 3. Bc4 Nc6 4. d3 g6 5. c3 Bg7 6. 0-0 Nf6 7. a4 0-0 8. Nbd2 d5 9. exd5 Nxd5 10. Ne4 b6 11. Re1 Na5 12. Ba2 Ba6 13. d4 cxd4 14. Nxd4 Bb7 15. Bg5 Rc8 16. Nb5 a6 17. Nbd6 Nf6 18. Bxf6 exf6 19. Nxc8 Qxc8 20. Nd6 Qc7 21. Nxb7 Nxb7 22. Qe2 a5 23. Qc4 Qb8 24. Rad1 f5 25. Rd7 Nd6 26. Qc7 Qxc7 27. Rxc7 1-0

[Event "Mosonmagyarovar White Horse IM"]
[Site "Mosonmagyarovar"]
[Date "2021.10.01"]
[Round "9"]
[White "Okhotnik, Vladimir"]
[Black "Bokros, Albert"]
[Result "1/2-1/2"]
[WhiteElo "2357"]
[BlackElo "2453"]
[PlyCount "34"]
[EventDate "2021.09.24"]
[EventType "tourn"]
[EventRounds "9"]
[EventCountry "HUN"]
[SourceTitle "CBM 204 Extra"]
[Source "ChessBase"]
[SourceDate "2021.11.30"]
[SourceVersion "1"]
[SourceVersionDate "2021.11.30"]
[SourceQuality "1"]

1. d4 Nf6 2. Nf3 e6 3. c4 b6 4. g3 Ba6 5. Qc2 c5 6. d5 exd5 7. cxd5 Bb7 8. e4 Qe7 9. Bg2 Qxe4+ 10. Qxe4+ Nxe4 11. 0-0 Bxd5 12. Re1 Be7 13. Nh4 Nf6 14. Nf5 Nc6 15. Nxg7+ Kd8 16. Nf5 Bxg2 17. Kxg2 d5 1/2-1/2

[Event "Mosonmagyarovar White Horse IM"]
[Site "Mosonmagyarovar"]
[Date "2021.09.30"]
[Round "8"]
[White "Fancsy, Imre"]
[Black "Okhotnik, Vladimir"]
[Result "1/2-1/2"]
[WhiteElo "2346"]
[BlackElo "2357"]
[PlyCount "46"]
[EventDate "2021.09.24"]
[EventType "tourn"]
[EventRounds "9"]
[EventCountry "HUN"]
[SourceTitle "CBM 204 Extra"]
[Source "ChessBase"]
[SourceDate "2021.11.30"]
[SourceVersion "1"]
[SourceVersionDate "2021.11.30"]
[SourceQuality "1"]

1. d4 Nf6 2. c4 g6 3. Nc3 d5 4. cxd5 Nxd5 5. Bd2 Nb6 6. e3 Bg7 7. f4 0-0 8. Nf3 c5 9. dxc5 N6d7 10. Ne4 Bxb2 11. Rb1 Bg7 12. Bc4 Na6 13. Bxa6 bxa6 14. Rc1 Nb8 15. 0-0 Qd5 16. Ng3 Nc6 17. Bc3 Qxa2 18. Bxg7 Kxg7 19. Nd4 Bd7 20. Rf2 Qa3 21. Nc2 Qb2 22. Nd4 Qa3 23. Nc2 Qb2 1/2-1/2

[Event "Mosonmagyarovar White Horse IM"]
[Site "Mosonmagyarovar"]
[Date "2021.09.28"]
[Round "6"]
[White "Egri, Laszlo Jr"]
[Black "Okhotnik, Vladimir"]
[Result "1-0"]
[WhiteElo "2239"]
[BlackElo "2357"]
[PlyCount "156"]
[EventDate "2021.09.24"]
[EventType "tourn"]
[EventRounds "9"]
[EventCountry "HUN"]
[SourceTitle "CBM 204 Extra"]
[Source "ChessBase"]
[SourceDate "2021.11.30"]
[SourceVersion "1"]
[SourceVersionDate "2021.11.30"]
[SourceQuality "1"]

1. Nf3 g6 2. c4 Bg7 3. d4 d6 4. Nc3 Bg4 5. g3 Nc6 6. d5 Ne5 7. Nxe5 Bxe5 8. Bg2 Qc8 9. h3 Bd7 10. e4 c5 11. Qe2 e6 12. 0-0 exd5 13. Nxd5 Bxh3 14. Bxh3 Qxh3 15. Nc7+ Kd7 16. Nxa8 Nf6 17. Qf3 Rxa8 18. Bf4 Ng4 19. Qh1 Qxh1+ 20. Kxh1 Bxf4 21. gxf4 Re8 22. f3 Nf6 23. Rg1 Nh5 24. Rg4 h6 25. Kg1 Kc6 26. Kf2 a6 27. a4 a5 28. Rh4 Kd7 29. f5 Ke7 30. Rg1 Kf6 31. Rd1 Ke7 32. fxg6 fxg6 33. Ke3 Rh8 34. Rdh1 Kf6 35. f4 Kg7 36. Rd1 Rd8 37. Rh2 Nf6 38. Kf3 Rd7 39. Rhd2 Ne8 40. e5 Kf7 41. exd6 Nf6 42. Re1 b6 43. b3 Ne8 44. Re7+ Rxe7 45. dxe7 Kxe7 46. Ke4 Ke6 47. Rd8 Nf6+ 48. Kf3 g5 49. fxg5 hxg5 50. Rb8 Nd7 51. Rb7 Kd6 52. Kg4 Kc6 53. Ra7 Ne5+ 54. Kxg5 Nf3+ 55. Kf4 Nd4 56. Rh7 Nxb3 57. Rh6+ Kb7 58. Ke4 Nd4 59. Ke5 Ka6 60. Rh3 Kb7 61. Kd6 Nf5+ 62. Kd7 Nd4 63. Rh7 Ne2 64. Kd6+ Ka6 65. Kc7 Ka7 66. Rh3 Nd4 67. Rh6 Ne2 68. Rxb6 Nc3 69. Rb3 Ne2 70. Kd6 Nd4 71. Rb1 Ne2 72. Kxc5 Nc3 73. Ra1 Ka6 74. Kc6 Ne2 75. c5 Nd4+ 76. Kd6 Nc2 77. Rb1 Ne3 78. c6 Nc4+ 1-0

[Event "Mosonmagyarovar White Horse IM"]
[Site "Mosonmagyarovar"]
[Date "2021.09.26"]
[Round "3"]
[White "Okhotnik, Vladimir"]
[Black "Aayush, Bhattacherjee"]
[Result "1-0"]
[WhiteElo "2357"]
[BlackElo "2070"]
[PlyCount "107"]
[EventDate "2021.09.24"]
[EventType "tourn"]
[EventRounds "9"]
[EventCountry "HUN"]
[SourceTitle "CBM 204 Extra"]
[Source "ChessBase"]
[SourceDate "2021.11.30"]
[SourceVersion "1"]
[SourceVersionDate "2021.11.30"]
[SourceQuality "1"]

1. e4 e6 2. d4 d5 3. exd5 exd5 4. c4 Nf6 5. Nc3 Bb4 6. Bd3 0-0 7. Nge2 Nbd7 8. c5 Re8 9. 0-0 Nf8 10. a3 Bxc3 11. bxc3 Ng6 12. Nf4 Nxf4 13. Bxf4 Ne4 14. Qc2 b6 15. f3 Nf6 16. Bb5 Bd7 17. c6 Be6 18. Qd3 a5 19. Rae1 Nh5 20. Bc1 Qd6 21. Re5 g6 22. g4 Ng7 23. Qd2 f6 24. Re2 Bf7 25. Rfe1 Rxe2 26. Rxe2 Re8 27. Qf4 Qxf4 28. Bxf4 Rxe2 29. Bxe2 Ne6 30. Bg3 Kf8 31. Bb5 Ke8 32. Kf2 Kd8 33. Ke3 Kc8 34. f4 Ng7 35. Bh4 Ne8 36. Kd3 Kd8 37. c4 Nd6 38. Bxf6+ Ke8 39. Ba6 dxc4+ 40. Kc2 Bd5 41. Be5 Ke7 42. g5 Ke6 43. h4 Bxc6 44. Bxd6 cxd6 45. Bc8+ Bd7 46. d5+ Ke7 47. Bxd7 Kxd7 48. a4 b5 49. axb5 a4 50. Kb2 Ke7 51. b6 Kd7 52. h5 gxh5 53. b7 Kc7 54. f5 1-0

[Event "Tasnad Orasului Cup"]
[Site "Tasnad"]
[Date "2021.09.11"]
[Round "5"]
[White "Okhotnik, Vladimir"]
[Black "Coroian, Sebastian Dumitru"]
[Result "1-0"]
[WhiteElo "2357"]
[BlackElo "2034"]
[PlyCount "104"]
[EventDate "2021.09.09"]
[EventType "swiss"]
[EventRounds "7"]
[EventCountry "ROU"]
[SourceTitle "CBM 204 Extra"]
[Source "ChessBase"]
[SourceDate "2021.11.30"]
[SourceVersion "1"]
[SourceVersionDate "2021.11.30"]
[SourceQuality "1"]

1. e4 e6 2. d4 d5 3. exd5 exd5 4. c4 Nf6 5. Nc3 Bb4 6. Bd3 0-0 7. Nge2 dxc4 8. Bxc4 Nc6 9. Bg5 Bf5 10. 0-0 a6 11. Nd5 Be7 12. Nxe7+ Qxe7 13. d5 Na5 14. Bd3 Bxd3 15. Qxd3 Qe4 16. Qc3 Qxe2 17. Bxf6 gxf6 18. Qxa5 Rad8 19. Qxc7 Rxd5 20. Qxb7 Rfd8 21. Rae1 Qb5 22. Re7 Rd1 23. Qxb5 axb5 24. Re8+ Rxe8 25. Rxd1 Re2 26. Rb1 Kg7 27. Kf1 Rc2 28. a3 f5 29. b4 Ra2 30. Rb3 Kf6 31. g3 Ke5 32. Rc3 f4 33. Kg2 fxg3 34. hxg3 Kf5 35. Kf3 Kg5 36. g4 f5 37. gxf5 Kxf5 38. Kg3 Ra1 39. Rc5+ Kg6 40. Rxb5 Rxa3+ 41. Kg4 Rb3 42. Rb6+ Kg7 43. f4 Rb1 44. b5 Rb4 45. Rb8 Kf6 46. b6 Kg6 47. b7 Kg7 48. Kf3 Rb3+ 49. Ke4 Rb4+ 50. Kd5 Rb1 51. f5 Rd1+ 52. Ke4 Rd7 1-0

[Event "Cherkasy Konsalt"]
[Site "Cherkasy"]
[Date "2021.03.09"]
[Round "6"]
[White "Okhotnik, Vladimir"]
[Black "Malakhatko, Vadim"]
[Result "0-1"]
[WhiteElo "2350"]
[BlackElo "2468"]
[PlyCount "116"]
[EventDate "2021.03.06"]
[EventType "tourn"]
[EventRounds "9"]
[EventCountry "UKR"]
[EventCategory "2"]
[SourceTitle "EXT 2022"]
[Source "ChessBase"]
[SourceDate "2021.10.06"]
[SourceVersion "1"]
[SourceVersionDate "2021.10.06"]
[SourceQuality "1"]

1. e4 e6 2. d4 d5 3. exd5 exd5 4. c4 Nf6 5. Nc3 Be7 6. Nf3 0-0 7. cxd5 Nxd5 8. Bd3 Bg4 9. 0-0 Nf6 10. h3 Bh5 11. g4 Bg6 12. Bxg6 hxg6 13. Qb3 Nc6 14. d5 Na5 15. Qa4 b6 16. Rd1 Bd6 17. Bg5 Re8 18. Rac1 a6 19. Qd4 Bc5 20. Qf4 Qd6 21. Qxd6 Bxd6 22. Kf1 Nh7 23. Bh4 Bf4 24. Rb1 g5 25. Bg3 Bxg3 26. fxg3 Nc4 27. Kf2 b5 28. b3 Nd6 29. Re1 b4 30. Na4 Ne4+ 31. Kg2 Nhf6 32. Rbd1 Nc3 33. Nxc3 bxc3 34. Rd3 Rxe1 35. Nxe1 Re8 36. Kf1 Ne4 37. Nc2 g6 38. Kg2 Kg7 39. Kf3 f5 40. gxf5 gxf5 41. g4 f4 42. h4 Nd2+ 43. Kf2 gxh4 44. Kg1 Ne4 45. Rf3 Rf8 46. Kg2 Kg6 47. Nd4 Rf6 48. Rf1 Nd2 49. Rc1 f3+ 50. Kf2 Rf4 51. Nf5 Rxg4 52. Ne3 Rg3 53. Nf1 Rg2+ 54. Ke3 Nxf1+ 55. Rxf1 f2 56. Kf3 h3 57. Ke2 c2 58. Kf3 Rg1 0-1

[Event "Cherkasy Konsalt"]
[Site "Cherkasy"]
[Date "2021.03.07"]
[Round "2"]
[White "Romanchuk, Viktor"]
[Black "Okhotnik, Vladimir"]
[Result "1/2-1/2"]
[WhiteElo "2258"]
[BlackElo "2350"]
[PlyCount "72"]
[EventDate "2021.03.06"]
[EventType "tourn"]
[EventRounds "9"]
[EventCountry "UKR"]
[EventCategory "2"]
[SourceTitle "EXT 2022"]
[Source "ChessBase"]
[SourceDate "2021.10.06"]
[SourceVersion "1"]
[SourceVersionDate "2021.10.06"]
[SourceQuality "1"]

1. d4 c5 2. c3 g6 3. Bf4 Bg7 4. e3 Nf6 5. Nd2 d6 6. dxc5 Nh5 7. cxd6 Nxf4 8. Qa4+ Nc6 9. Qxf4 e5 10. Qa4 0-0 11. Ngf3 Qxd6 12. Be2 Bd7 13. Qc2 f5 14. 0-0 e4 15. Nd4 Kh8 16. Rad1 Be5 17. g3 Qf6 18. Nc4 Nxd4 19. cxd4 Bb8 20. Ne5 Be6 21. Bc4 Bxe5 22. dxe5 Qxe5 23. Bxe6 Qxe6 24. Rd4 Rf7 25. Rfd1 Raf8 26. b3 Rc8 27. Qb2 Qf6 28. Qa3 b6 29. Rd6 Qc3 30. Rd7 Rc7 31. Rxc7 Qxc7 32. Qb2+ Kg8 33. Rc1 Qe7 34. Rc8+ Rf8 35. Rxf8+ Qxf8 36. Qe5 Qd8 1/2-1/2

[Event "Mykolaiv IM"]
[Site "Mykolaiv"]
[Date "2021.03.05"]
[Round "9"]
[White "Boricsev, Oleg"]
[Black "Okhotnik, Vladimir"]
[Result "1/2-1/2"]
[WhiteElo "2234"]
[BlackElo "2350"]
[PlyCount "20"]
[EventDate "2021.02.27"]
[EventType "tourn"]
[EventRounds "9"]
[EventCountry "UKR"]
[EventCategory "1"]
[SourceTitle "EXT 2022"]
[Source "ChessBase"]
[SourceDate "2021.10.06"]
[SourceVersion "1"]
[SourceVersionDate "2021.10.06"]
[SourceQuality "1"]

1. e4 e5 2. Nf3 Nf6 3. Nxe5 d6 4. Nc4 Nxe4 5. Qe2 Qe7 6. d3 Nf6 7. Bg5 Qxe2+ 8. Bxe2 Nd5 9. Ne3 Nxe3 10. Bxe3 Be7 1/2-1/2

[Event "EU-ch qual Online"]
[Site "Tornelo INT"]
[Date "2020.12.18"]
[Round "10"]
[White "Goraj, Barbara"]
[Black "Okhotnik, Vladimir"]
[Result "1-0"]
[WhiteElo "2078"]
[BlackElo "2350"]
[PlyCount "207"]
[EventDate "2020.12.18"]
[EventType "swiss"]
[EventRounds "11"]
[EventCountry "POL"]
[SourceTitle "CBM 199 Extra"]
[Source "ChessBase"]
[SourceDate "2021.01.31"]
[SourceVersion "1"]
[SourceVersionDate "2021.01.31"]
[SourceQuality "1"]

1. e4 c5 2. Nf3 Nf6 3. e5 Nd5 4. Nc3 e6 5. Bc4 Nb6 6. Be2 d5 7. exd6 Bxd6 8. 0-0 Nc6 9. Ne4 Be7 10. b3 e5 11. Bb2 f6 12. a4 0-0 13. a5 Nd5 14. Bc4 Be6 15. Ba3 b6 16. axb6 axb6 17. Nc3 Nc7 18. Qe2 Qd7 19. Ne4 Bxc4 20. bxc4 Ne6 21. Bb2 Nf4 22. Qe3 h6 23. g3 Ne6 24. Nc3 Ned4 25. Rfc1 Rxa1 26. Bxa1 Nb4 27. Ne1 Qf5 28. d3 Ra8 29. Nd5 Nxd5 30. cxd5 Bd6 31. Bxd4 exd4 32. Qf3 Qxf3 33. Nxf3 b5 34. c3 dxc3 35. Rxc3 b4 36. Rc1 b3 37. Rb1 Rb8 38. Nd2 b2 39. f4 c4 40. Nxc4 Bc5+ 41. Kf1 Bd4 42. Ke2 Kf8 43. Kf3 f5 44. Ke2 Rb5 45. Kd2 Rxd5 46. Nxb2 Rb5 47. Kc2 Ra5 48. Kb3 Kf7 49. Kc4 Bf6 50. d4 Ra8 51. Nd3 Rd8 52. Ne5+ Kg8 53. Rb7 g5 54. d5 Re8 55. Kd4 Rd8 56. Kc5 Rc8+ 57. Kd6 Rd8+ 58. Ke6 Bg7 59. d6 Ra8 60. d7 Ra6+ 61. Kxf5 Bf6 62. Rb8+ Kg7 63. d8Q Bxd8 64. Rxd8 gxf4 65. gxf4 Rf6+ 66. Ke4 Ra6 67. Rd7+ Kf6 68. Rf7+ Ke6 69. Rh7 Ra4+ 70. Kf3 Kf5 71. Rf7+ Ke6 72. Rf8 h5 73. Rh8 Ra3+ 74. Ke4 Ra4+ 75. Ke3 Ra3+ 76. Nd3 Ra5 77. h4 Rb5 78. Rh6+ Kf7 79. Ne5+ Kg7 80. Rd6 Rb3+ 81. Ke4 Rh3 82. Nf3 Rh1 83. Ra6 Rf1 84. Rc6 Kh7 85. Ng5+ Kg7 86. Kf5 Ra1 87. Rc7+ Kg8 88. Kf6 Ra6+ 89. Ne6 Kh8 90. f5 Ra8 91. Kf7 Rf8+ 92. Kg6 Rg8+ 93. Rg7 Re8 94. Rd7 Rg8+ 95. Kxh5 Rg1 96. Kh6 Kg8 97. Rg7+ Kh8 98. Rh7+ Kg8 99. Rb7 Rh1 100. Kg6 Rg1+ 101. Ng5 Kf8 102. f6 Re1 103. Rb8+ Re8 104. Nh7+ 1-0